• 首页
  • 本馆介绍
  • 公告通知
  • 最新文献
  • 馆藏检索
  • 电子资源
  • 读者导购
  • 参考咨询
  • 我的图书馆
  • 登录
  • 详细信息显示
  • 放入我的书架
  • 预约/预借图书
  • 作者相关作品
  • 分类相关作品
  • 丛书相关作品
  • 出版社相关作品

书目信息

  • 表格格式
  • 工作单格式
  • 卡片格式
题名:
农村改革攻坚
    
 
作者: 党国英 著
分册:  
出版信息: 北京   中国水利水电出版社  2005
页数: 283页
开本: 22cm
丛书名: 中国改革攻坚丛书
单 册:
中图分类: F320.2
科图分类:
主题词: 农村--经济体制改革--研究--中国 , 农村 , 经济体制改革
电子资源:
ISBN: 7-5084-2523-5
000 00871oam2 2200277 450
001 012007842727
005 20070605142311.93
010    @a7-5084-2523-5@dCNY38.00
100    @a20070601d2005 km y0chiy0120 ea
101 0  @achi
102    @aCN@b110000
105    @ay z 000yy
106    @ar
200 1  @a农村改革攻坚@Anong cun gai ge gong jian@f党国英著@Fdang guo ying zhu
210    @a北京@c中国水利水电出版社@d2005
215    @a283页@d22cm
225 2  @a中国改革攻坚丛书
330    @a本书以对中国农村社会转型中发生的重大问题为立足点,讨论了权利变革,土地财产权的确立,城乡居民之间平等的社会权利的确立等问题。
461  0 @12001 @a中国改革攻坚丛书
606 0  @a农村@x经济体制改革@x研究@y中国
606 0  @a农村
606 0  @a经济体制改革
690    @aF320.2@v4
701  0 @a党国英@Adang guo ying@4著
801  0 @aCN@bRULIN@c20070605
905    @dF320.2@e80@s8
    
    农村改革攻坚/党国英著.-北京:中国水利水电出版社,2005
    283页;22cm.-(中国改革攻坚丛书)
    
    
    ISBN 7-5084-2523-5:CNY38.00
    本书以对中国农村社会转型中发生的重大问题为立足点,讨论了权利变革,土地财产权的确立,城乡居民之间平等的社会权利的确立等问题。
●
相关链接 在E读中查询图书 在五车中查询图书 在当当中查询图书 在豆瓣中查询图书


正题名:农村改革攻坚     索取号:F320.2/80         预约/预借

序号 登录号 条形码 馆藏地/架位号 状态 备注
1 0582649   205826490   第一样本阅览室/ [索取号:F320.2/80] 在馆    
2 0582650   205826506   第一借阅区/ [索取号:F320.2/80] 在馆    
3 0582651   205826515   第一借阅区/ [索取号:F320.2/80] 在馆    
4 0582652   205826524   第一借阅区/ [索取号:F320.2/80] 在馆    
5 0582653   205826533   密集书库/ [索取号:F320.2/80] 在馆    
6 0582654   205826542   第一借阅区/ [索取号:F320.2/80] 在馆    
7 0582655   205826551   密集书库/ [索取号:F320.2/80] 在馆    
8 0582656   205826560   密集书库/ [索取号:F320.2/80] 在馆    
唐山师范学院图书馆 欢迎您!
大连网信软件有限公司© 版权所有